000 00923nam a2200253 i 4500
001 94291
003 ES-MaACL
005 20230906181438.0
007 t|
008 050427s1946 sp ||||1| spa d
100 1 _aLópez Valencia, Federico.
_974012
245 1 0 _aJalones de una reforma social /
_cpor Federico López Valencia.
260 _aMadrid :
_bEscuela Social de Madrid,
_c1946 (
_fF. Domenech)
300 _a157 p. ;
_c22 cm.
490 1 _aCuadernos del Congreso de Estudios Sociales. Sección 1ª
650 4 _aDerecho social-
_zEspaña.
_9173560
651 4 _aEspaña-
_xSituación social-
_y1939-1955.
_9167678
710 2 _aEscuela Social de Madrid.
_93593
711 2 _aCongreso de Estudios Sociales (
_d1945.
_cMadrid)
_9173563
830 1 _aCuadernos del Congreso de Estudios Sociales. Sección 1ª
_9183551
852 _aES-MaACL
_jE-1994
852 _aES-MaACL
_j1864-F-24
999 _c94291
_d94291